[Event "Saratov-ch"]
[Site "Saratov"]
[Date "2014.02.27"]
[Round "4"]
[White "Palin, Denis"]
[Black "Berezhnov, Dmitry"]
[Result "1/2-1/2"]
[WhiteElo "2102"]
[BlackElo "1955"]
[PlyCount "65"]
[EventDate "2014.02.24"]
[EventType "swiss"]
[EventRounds "9"]
[EventCountry "RUS"]
[SourceTitle "CBM 159 Extra"]
[Source "ChessBase"]
[SourceDate "2014.04.24"]
[SourceVersion "1"]
[SourceVersionDate "2014.04.24"]
[SourceQuality "1"]

1. d4 Nf6 2. c4 g6 3. Nc3 Bg7 4. e4 d6 5. Nf3 0-0 6. Be2 e5 7. 0-0 Nc6 8. dxe5 Nxe5 9. Nxe5 dxe5 10. Qa4 c6 11. Be3 Qe7 12. b4 Re8 13. Rfd1 Bf8 14. Bc5 Qc7 15. Bxf8 Rxf8 16. c5 Be6 17. Rd2 a6 18. Rad1 Rfd8 19. f3 Rxd2 20. Rxd2 Rd8 21. Qd1 Rxd2 22. Qxd2 Qd7 23. Qxd7 Nxd7 24. a3 a5 25. Nd1 axb4 26. axb4 Kf8 27. Nb2 b6 28. cxb6 Nxb6 29. Kf2 Ke7 30. Ke1 Kd6 31. Kd2 c5 32. Kc3 cxb4+ 33. Kxb4 1/2-1/2

[Event "Saratov op 07"]
[Site "Saratov"]
[Date "2012.07.09"]
[Round "6"]
[White "Gagarkine, Nikolay"]
[Black "Berezhnov, Dmitry"]
[Result "1-0"]
[WhiteElo "1929"]
[BlackElo "1882"]
[PlyCount "73"]
[EventDate "2012.07.02"]
[EventType "swiss"]
[EventRounds "9"]
[EventCountry "RUS"]
[SourceTitle "CBM 149 Extra"]
[Source "ChessBase"]
[SourceDate "2012.08.24"]
[SourceVersion "1"]
[SourceVersionDate "2012.08.24"]
[SourceQuality "1"]

1. g3 d5 2. Bg2 c5 3. d3 Nf6 4. f3 Nc6 5. Nh3 Bf5 6. Nf2 e5 7. 0-0 Bd6 8. e4 Be6 9. c3 0-0 10. b3 b5 11. f4 dxe4 12. dxe4 Be7 13. Qe2 a6 14. f5 Bc8 15. g4 Ne8 16. Nd2 g5 17. Nf3 f6 18. Be3 Ng7 19. Rfd1 Qc7 20. h4 h6 21. Rd2 Bb7 22. Rad1 Rad8 23. a4 Na7 24. hxg5 hxg5 25. b4 Rxd2 26. Nxd2 Bc6 27. bxc5 Qa5 28. axb5 Nxb5 29. Qc4+ Kh8 30. Qb4 Qa3 31. Nb1 Qxb4 32. cxb4 a5 33. bxa5 Ra8 34. Bf1 Rxa5 35. Kg2 Nd4 36. Bc4 Bxc5 37. Rh1+ 1-0

[Event "Saratov Autumn Cup High School Property"]
[Site "Saratov"]
[Date "2011.10.10"]
[Round "3.8"]
[White "Vezinitsyn, Mikhail"]
[Black "Berezhnov, Dmitry"]
[Result "0-1"]
[WhiteElo "1643"]
[BlackElo "1869"]
[PlyCount "72"]
[EventDate "2011.10.07"]
[EventType "swiss"]
[EventRounds "9"]
[EventCountry "RUS"]
[SourceTitle "EXT 2022"]
[Source "ChessBase"]
[SourceDate "2021.10.06"]
[SourceVersion "1"]
[SourceVersionDate "2021.10.06"]
[SourceQuality "1"]

1. e4 d6 2. d4 Nf6 3. Nc3 g6 4. Nf3 Bg7 5. Be2 0-0 6. 0-0 Nbd7 7. e5 Ne8 8. e6 fxe6 9. Ng5 Ndf6 10. f4 Bd7 11. h4 h6 12. Nh3 Nh7 13. Qd3 e5 14. dxe5 Bf5 15. Qc4+ Kh8 16. g4 Bd7 17. Qe4 dxe5 18. fxe5 Rxf1+ 19. Kxf1 Nf8 20. Nf4 e6 21. h5 Bc6 22. Qd3 Qxd3 23. Nxd3 g5 24. b4 b6 25. b5 Bb7 26. Bb2 Nd7 27. Nd1 c5 28. c4 Nc7 29. Ne3 Be4 30. Nf2 Rf8 31. Kg1 Bh7 32. Bd3 Bxe5 33. Bxh7 Bxb2 34. Rd1 Bd4 35. Bg6 Ne5 36. Re1 Nf3+ 0-1

[Event "Saratov Autumn Cup High School Property"]
[Site "Saratov"]
[Date "2011.10.07"]
[Round "1.1"]
[White "Biryukov, Dmitriy"]
[Black "Berezhnov, Dmitry"]
[Result "1-0"]
[WhiteElo "2361"]
[BlackElo "1869"]
[PlyCount "97"]
[EventDate "2011.10.07"]
[EventType "swiss"]
[EventRounds "9"]
[EventCountry "RUS"]
[SourceTitle "EXT 2022"]
[Source "ChessBase"]
[SourceDate "2021.10.06"]
[SourceVersion "1"]
[SourceVersionDate "2021.10.06"]
[SourceQuality "1"]

1. e4 c6 2. d4 d5 3. Nd2 dxe4 4. Nxe4 Bf5 5. Ng3 Bg6 6. Nf3 Nd7 7. Bc4 e6 8. 0-0 Ngf6 9. Re1 Be7 10. Nh4 0-0 11. Nxg6 hxg6 12. Bg5 a6 13. c3 Rc8 14. b4 a5 15. a3 Re8 16. Qf3 b5 17. Bb3 a4 18. Ba2 Nb6 19. Rad1 Qc7 20. Bxf6 gxf6 21. Ne4 Kg7 22. Nc5 Bxc5 23. dxc5 Nd5 24. c4 bxc4 25. Bxc4 Red8 26. g3 Ne7 27. Qc3 Rxd1 28. Rxd1 Rd8 29. Rxd8 Qxd8 30. Qd3 Nd5 31. Qd1 Qb8 32. Bxd5 exd5 33. Qxa4 Qe5 34. Qb3 Qa1+ 35. Kg2 d4 36. Kf3 Qf1 37. Qc2 g5 38. Ke4 d3 39. Qxd3 f5+ 40. Kd4 Qa1+ 41. Qc3 Qd1+ 42. Kc4+ Kg6 43. Qd3 Qc1+ 44. Kb3 Qe1 45. g4 Qe6+ 46. Kb2 Qf6+ 47. Kc2 Qa1 48. gxf5+ Kh6 49. Qh3+ 1-0

[Event "Saratov Summer Cup High school prop"]
[Site "Saratov"]
[Date "2011.07.08"]
[Round "9.1"]
[White "Berezhnov, Dmitry"]
[Black "Biryukov, Dmitriy"]
[Result "1/2-1/2"]
[WhiteElo "1862"]
[BlackElo "2365"]
[PlyCount "81"]
[EventDate "2011.06.27"]
[EventType "swiss"]
[EventRounds "9"]
[EventCountry "RUS"]
[SourceTitle "EXT 2022"]
[Source "ChessBase"]
[SourceDate "2021.10.06"]
[SourceVersion "1"]
[SourceVersionDate "2021.10.06"]
[SourceQuality "1"]

1. d4 d6 2. c4 g6 3. Nc3 Bg7 4. e4 Nf6 5. Nf3 0-0 6. Be2 e5 7. dxe5 dxe5 8. Qxd8 Rxd8 9. Bg5 Re8 10. Nd5 Nxd5 11. cxd5 c6 12. Bc4 cxd5 13. Bxd5 Nc6 14. 0-0-0 Bg4 15. h3 Bxf3 16. gxf3 Nd4 17. Be3 Re7 18. Bxd4 exd4 19. Kb1 Be5 20. Rhe1 Kg7 21. f4 Bxf4 22. Rxd4 Rd8 23. Red1 Rc7 24. b3 b6 25. Bc4 Rxd4 26. Rxd4 Bg5 27. Rd3 h5 28. a4 Be7 29. Bb5 g5 30. Rd7 Rxd7 31. Bxd7 Kf6 32. f3 Ke5 33. Be8 Ke6 34. Kc2 h4 35. Kd3 f6 36. Bh5 Ke5 37. Bg4 Bc5 38. Bd7 Bf2 39. Bg4 Kd6 40. Kc4 a5 41. Bc8 1/2-1/2

[Event "Saratov Region-ch"]
[Site "Saratov"]
[Date "2011.06.09"]
[Round "9"]
[White "Berezhnov, Dmitry"]
[Black "Mamonov, Alexey"]
[Result "1/2-1/2"]
[WhiteElo "1862"]
[BlackElo "1763"]
[PlyCount "56"]
[EventDate "2011.06.01"]
[EventType "swiss"]
[EventRounds "9"]
[EventCountry "RUS"]
[SourceTitle "EXT 2012"]
[Source "ChessBase"]
[SourceDate "2011.11.24"]
[SourceVersion "1"]
[SourceVersionDate "2011.11.24"]
[SourceQuality "1"]

1. d4 Nf6 2. c4 e6 3. Nc3 Bb4 4. e3 b6 5. Nf3 Bb7 6. Bd3 Ne4 7. Qc2 f5 8. 0-0 Bxc3 9. bxc3 0-0 10. Ne1 d6 11. f3 Ng5 12. Ba3 Nd7 13. e4 fxe4 14. fxe4 Rxf1+ 15. Kxf1 Qf6+ 16. Kg1 Qf4 17. Bc1 Qg4 18. Bxg5 Qxg5 19. Nf3 Qe3+ 20. Kh1 Nf6 21. Re1 Qh6 22. Kg1 Nd7 23. Qa4 Nf8 24. Qd1 Nd7 25. Qa4 Nf8 26. Qd1 Nd7 27. Qa4 Nf8 28. Qd1 Nd7 1/2-1/2

[Event "Saratov Region-ch"]
[Site "Saratov"]
[Date "2011.06.08"]
[Round "8"]
[White "Polyakov, Denis"]
[Black "Berezhnov, Dmitry"]
[Result "1-0"]
[WhiteElo "1798"]
[BlackElo "1862"]
[PlyCount "113"]
[EventDate "2011.06.01"]
[EventType "swiss"]
[EventRounds "9"]
[EventCountry "RUS"]
[SourceTitle "EXT 2012"]
[Source "ChessBase"]
[SourceDate "2011.11.24"]
[SourceVersion "1"]
[SourceVersionDate "2011.11.24"]
[SourceQuality "1"]

1. d4 d5 2. c4 c6 3. Nf3 Nf6 4. Nc3 e6 5. e3 Be7 6. Qc2 Nbd7 7. b3 0-0 8. Bd3 b6 9. 0-0 Bb7 10. Rd1 Qc7 11. Bb2 Rac8 12. Rac1 Rfd8 13. Qb1 Qb8 14. Ne5 h6 15. Nxd7 Rxd7 16. e4 dxe4 17. Nxe4 Nxe4 18. Bxe4 Rcd8 19. Rd3 c5 20. d5 exd5 21. Bf5 Rc7 22. cxd5 Bc8 23. Rg3 g5 24. Rh3 Bxf5 25. Rxh6 f6 26. Qxf5 Bf8 27. Qe6+ Rf7 28. Rxf6 Qc7 29. Rg6+ Kh7 30. Rxg5 Bg7 31. Qg6+ Kg8 32. Bxg7 Rxg7 33. Qxg7+ Qxg7 34. Rxg7+ Kxg7 35. Rd1 b5 36. f4 c4 37. bxc4 bxc4 38. Kf2 c3 39. Ke3 c2 40. Rc1 Rxd5 41. Rxc2 Kf6 42. g4 Ra5 43. Ke4 Ra4+ 44. Kf3 Ra3+ 45. Kg2 Ra4 46. Kg3 Ra3+ 47. Kh4 Ra4 48. f5 Ra3 49. Rf2 Ra4 50. Kh5 Ra3 51. h4 Ra6 52. g5+ Kf7 53. f6 Ra5 54. Kh6 Ra4 55. h5 Kf8 56. g6 Rg4 57. Rb2 1-0

[Event "Saratov Region-ch"]
[Site "Saratov"]
[Date "2011.06.05"]
[Round "5"]
[White "Berezhnov, Dmitry"]
[Black "Smirnov, Alexandr A"]
[Result "0-1"]
[WhiteElo "1862"]
[BlackElo "2235"]
[PlyCount "98"]
[EventDate "2011.06.01"]
[EventType "swiss"]
[EventRounds "9"]
[EventCountry "RUS"]
[SourceTitle "EXT 2012"]
[Source "ChessBase"]
[SourceDate "2011.11.24"]
[SourceVersion "1"]
[SourceVersionDate "2011.11.24"]
[SourceQuality "1"]

1. d4 Nf6 2. c4 e6 3. Nc3 Bb4 4. e3 0-0 5. Nge2 d5 6. a3 Be7 7. cxd5 exd5 8. g3 Bf5 9. Bg2 Qd7 10. Nf4 c6 11. 0-0 Na6 12. Na4 Rfe8 13. b4 b6 14. Nb2 Nc7 15. Nbd3 Bd6 16. Bb2 Ne6 17. Re1 Nxf4 18. Nxf4 a5 19. b5 cxb5 20. Nxd5 Nxd5 21. Bxd5 Bxa3 22. Qf3 Bxb2 23. Bxa8 Rc8 24. Ra2 Bc3 25. Rc1 b4 26. Bd5 Bg6 27. Bb3 Re8 28. Bd5 Rc8 29. Bb3 Qd8 30. Ba4 Bd3 31. Bb3 Bc4 32. Bxc4 Rxc4 33. Qe2 b5 34. Rb1 Qc7 35. d5 a4 36. d6 Qxd6 37. Rxa4 bxa4 38. Rd1 Rd4 39. exd4 Qd7 40. Qa6 g6 41. Qc4 Qg4 42. Rb1 a3 43. Rxb4 Bxb4 44. Qxb4 a2 45. Qb8+ Kg7 46. Qe5+ Kh6 47. Qe3+ g5 48. Qc1 Qxd4 49. Qc6+ Kg7 0-1

[Event "Saratov Spring Cup High School Prop. B"]
[Site "Saratov"]
[Date "2011.03.17"]
[Round "4.3"]
[White "Brekhov, Denis"]
[Black "Berezhnov, Dmitry"]
[Result "1/2-1/2"]
[WhiteElo "2002"]
[BlackElo "1862"]
[PlyCount "80"]
[EventDate "2011.03.14"]
[EventType "tourn"]
[EventRounds "9"]
[EventCountry "RUS"]
[SourceTitle "EXT 2022"]
[Source "ChessBase"]
[SourceDate "2021.10.06"]
[SourceVersion "1"]
[SourceVersionDate "2021.10.06"]
[SourceQuality "1"]

1. e4 c6 2. d4 d5 3. e5 Bf5 4. Nc3 e6 5. g4 Bg6 6. Nge2 c5 7. h4 h6 8. Be3 Qb6 9. dxc5 Bxc5 10. Bxc5 Qxc5 11. Nf4 Ne7 12. h5 Bh7 13. Bd3 Bxd3 14. Nxd3 Qa5 15. Qd2 Nec6 16. Ne2 Qxd2+ 17. Kxd2 Nd7 18. f4 Ke7 19. Rae1 Rac8 20. c3 Na5 21. Nd4 Nc4+ 22. Kc1 Nc5 23. Nxc5 Rxc5 24. Rhf1 Nb6 25. f5 Nd7 26. Nf3 d4 27. fxe6 fxe6 28. Nh4 Rhc8 29. Ng6+ Ke8 30. Re4 dxc3 31. Ref4 cxb2+ 32. Kxb2 Rb5+ 33. Ka1 Rc2 34. Rf7 Rbb2 35. Re7+ Kd8 36. Rff7 Rxa2+ 37. Kb1 Rab2+ 38. Ka1 Ra2+ 39. Kb1 Rab2+ 40. Ka1 Ra2+ 1/2-1/2

[Event "Saratov op"]
[Site "Saratov"]
[Date "2010.06.07"]
[Round "7"]
[White "Brekhov, Denis"]
[Black "Berezhnov, Dmitry"]
[Result "1-0"]
[WhiteElo "1976"]
[BlackElo "1860"]
[PlyCount "115"]
[EventDate "2010.06.01"]
[EventType "swiss"]
[EventRounds "9"]
[EventCountry "RUS"]
[SourceTitle "CBM 137 Extra"]
[Source "ChessBase"]
[SourceDate "2010.09.01"]
[SourceVersion "1"]
[SourceVersionDate "2010.09.01"]
[SourceQuality "1"]

1. e4 c6 2. d4 d5 3. e5 Bf5 4. Nc3 e6 5. g4 Bg6 6. Nge2 c5 7. h4 h6 8. Be3 Nc6 9. f4 Be7 10. Bf2 a6 11. dxc5 Qa5 12. Qd2 Bxc5 13. Bxc5 Qxc5 14. h5 Bh7 15. 0-0-0 0-0-0 16. Bg2 Nge7 17. Kb1 Kb8 18. Nc1 Na5 19. Nd3 Qb6 20. Na4 Qb5 21. Nac5 Nc4 22. Qc1 Nc6 23. b3 Nd4 24. Ka1 Ne3 25. Rd2 Ndxc2+ 26. Rxc2 Nxg2 27. a4 Qc6 28. Rxg2 d4 29. Qd2 Ka7 30. Rc1 Qd5 31. Rf2 Bxd3 32. Qxd3 Rc8 33. Rfc2 Rc6 34. Ne4 Rhc8 35. Rxc6 Rxc6 36. Rxc6 bxc6 37. Kb2 c5 38. Nd6 f6 39. Qc4 Qc6 40. Qxe6 Qg2+ 41. Ka3 Qh1 42. Qd7+ Kb8 43. Qc8+ Ka7 44. Qxc5+ Ka8 45. Qxd4 Qc1+ 46. Kb4 Qc7 47. Qd5+ Kb8 48. Qg8+ Ka7 49. Qf7 a5+ 50. Kb5 Qxf7 51. Nxf7 fxe5 52. fxe5 Kb8 53. Kc6 Kc8 54. e6 g5 55. e7 Kb8 56. e8Q+ Ka7 57. Qd7+ Ka6 58. Qb7# 1-0